| 000 | 00801nam a22001937a 4500 | ||
|---|---|---|---|
| 003 | BD-DhUL | ||
| 005 | 20160905145852.0 | ||
| 008 | 160905s1984 ii | ||| |||| 000 0 ben d | ||
| 040 |
_aBD-DhUL _cBD-DhUL |
||
| 082 |
_a954 _bRAP |
||
| 100 | 1 | _a শর্মা, রাম শরণ | |
| 245 | 1 | 0 |
_aপ্রচীন ভারত / _cরাম শরণ শর্মা, সুমন চট্টোপাধ্যায় |
| 260 |
_aকলিকাতা : _bপশ্চিমবঙ্গ রাজ্যপুস্তক পর্ষদ, _c১৯৮৪. |
||
| 300 |
_a১৮৪ পৃ. ; _c২২ সেমি. |
||
| 650 | 0 | _aভারতবর্ষ- ইতিহাস | |
| 650 | 0 | _aBharatabarsa History | |
| 700 | 1 | _aচট্টোপাধ্যায়, সুমন | |
| 942 |
_2ddc _cBK |
||
| 999 |
_c104203 _d104203 |
||